000 01076njm a22002777a 4500
005 20100916115049.0
007 sd ammalaaahaa
008 100914t xxu||||| |||| 00| 0 eng d
028 _a3AEX. 5016
_bOdeon
035 _aGR-02820
100 _919854
_aMangeshkar, Lata
245 _aTeri pyari pyari surat par-sasural side. 1 /
_h[sound recording] :
_cby Lata Mangeshkar ; music Shankar Jaikishan
246 _aतेरी प्यारी प्यारी सूरत पर-ससुराल (लता मंगेशकर)
260 _aDum Dum, India
_bOdeon
_cn. d.
300 _a1 sound disc [Gramophone record] :
_banalog, 33 1/3 rpm
_c12 in. (LP)
_fGramophone record
500 _aBrief record.
500 _aOdeon
500 _aBlack
505 _aDo hanson ka joda-ganga jamuna part. 2
650 _aClassical Music
_xExcerpts
_zIndia
_919855
_vFilmi song
700 _91184
_aShankar Jaikishan
700 _919963
700 _920097
942 _2ddc
_cGR
999 _c46177
_d46177